UBT Library

Perspectives on population : (Record no. 41224)

000 -LEADER
fixed length control field 00710cam a2200229 a 4500
001 - CONTROL NUMBER
control field 4770582
005 - DATE AND TIME OF LATEST TRANSACTION
control field 20180130034513.0
008 - FIXED-LENGTH DATA ELEMENTS--GENERAL INFORMATION
fixed length control field 860918s1987 nyua b 001 0 eng
010 ## - LIBRARY OF CONGRESS CONTROL NUMBER
LC control number 86023652
020 ## - INTERNATIONAL STANDARD BOOK NUMBER
International Standard Book Number 0195040929 (alk. paper) :
Terms of availability $23.95
020 ## - INTERNATIONAL STANDARD BOOK NUMBER
International Standard Book Number 0195041909 (pbk. : alk. paper) :
Terms of availability $13.95
040 ## - CATALOGING SOURCE
Original cataloging agency DLC
Transcribing agency DLC
Modifying agency DLC
041 ## - LANGUAGE CODE
Language code of text/sound track or separate title eng
080 ## - UNIVERSAL DECIMAL CLASSIFICATION NUMBER
Universal Decimal Classification number 304.6
082 00 - DEWEY DECIMAL CLASSIFICATION NUMBER
Classification number 304.6 MEN
Edition number 19
100 ## - Rafti
Rafti 19
101 ## - Shkurtesa
Shkurtesa SHP
245 00 - TITLE STATEMENT
Title Perspectives on population :
Statement of responsibility, etc [compiled by] Scott W. Menard and Elizabeth W. Moen.
504 ## - BIBLIOGRAPHY, ETC. NOTE
Bibliography, etc Includes bibliographies and indexes.
906 ## - LOCAL DATA ELEMENT F, LDF (RLIN)
a 7
b cbc
c orignew
d 1
e ocip
f 19
g y-gencatlg
942 ## - ADDED ENTRY ELEMENTS (KOHA)
Source of classification or shelving scheme
Item type Books
Holdings
Withdrawn status Lost status Source of classification or shelving scheme Damaged status Not for loan Collection code Permanent location Current location Shelving location Date acquired Total Checkouts Full call number Barcode Date last seen Price effective from Koha item type
          Koleksioni i përgjithshem UBT - Lipjan UBT - Lipjan Koleksioni i lëndeve mesimore 01/30/2018   304.6 MEN 002-2996725 01/30/2018 01/30/2018 Books
UBT Library © 2015-2024. All rights reserved University Education for Business and Technology